| 000 | 01385nam0a2200325 4500 | ||
|---|---|---|---|
| 001 | RU\NLR\ONL2\17351 | ||
| 005 | 20260406150225.0 | ||
| 010 |
_a978-5-91333-014-7 _91000 |
||
| 035 | _a(NLR Aleph) 009664936 | ||
| 090 |
_a9632126 _c9632126 |
||
| 100 | _a20080905d2010 |||y0rusy50 ca | ||
| 101 | 1 |
_alez _arus _cper |
|
| 102 | _aRU | ||
| 105 | _ay ||||||||| | ||
| 200 | 1 |
_aСукIра _eперевод с фарси на лезгинский язык _fОмар Хайям _g[сост. сб., авт. пер. на лезгин. яз., предисл. на лезгин. яз. введения на рус. и примеч., сздатель макета кн. и корректор Н. Абдулгамидов] |
|
| 210 |
_aМ. _cАзбука-2000 _cSharvili.com _d2010 |
||
| 215 |
_a367 с. _d22 |
||
| 300 | _aТекст парал. лезгин., рус. | ||
| 300 | _aСведения о пер. на 4 с. обл. | ||
| 541 | 1 |
_aЧаша _zrus |
|
| 686 | 1 | _aШ5(0)952.31-5 | |
| 700 | 0 |
_8rus _7ca _aОмар Хайям _f1048-1131 _3RU\NLR\AUTH\774823 _9114798 |
|
| 702 | 1 |
_4730 _7ca _8rus _aАбдулгамидов _bН. А. _f1961- _gНизами Абдулгамидович _9234555 _3RU\NLR\AUTH\770234611 |
|
| 801 | 0 |
_aRU _bNLR _c20100415 _gPSBO |
|
| 852 |
_aNLR _bОНЛ _jЛезг./3-836 |
||
| 942 | _cBOOK | ||
| 980 | _aNB | ||
| 980 | _aONL_RF | ||